000 00230nam a2200097Ia 4500
008 231212s1995 xx 000 0 und d
041 _aeng
100 _aAndrew S. T.
245 _aComputer Networks
260 _aDhule
_bMc Graw
_c1995
999 _c964776
_d964776